Missing Word: 'Hey' Songs Quiz Stats

 Plays Quiz Updated Dec 22, 2017

Challenge
Share
Tweet
Embed
Score 0/18 Timer 03:00
0 Plays Today
Song Title Missing Word % Correct
Hey _____Jude OR Bulldog
95.5%
Hey, Soul _____Sister
79.1%
Hey _____!Ya
65.7%
Na Na Hey Hey Kiss Him _____Goodbye
62.3%
Hey _____You
61.3%
Hey _____ KerouacJack
60.6%
Hey, Good _____Lookin'
55.9%
Hey There _____Delilah
54.7%
_____ HeyHo
40.5%
Song Title Missing Word % Correct
Hey _____Girl
39.3%
Hey _____Joe
39%
Hey _____Baby
29.9%
Hey _____Paula
27.3%
Hey There _____ GirlLonely
27.1%
Hey _____Jealousy
23%
Hey Hey, My My (Into The _____)Black
16.6%
Hey _____Mama
15.5%
Hey _____Stephen
7.5%

Today's Daily Dose

You're not logged in!

Compare scores with friends on all Sporcle quizzes.
Join for Free
OR
Log In

You Might Also Like...

Show Comments

Extras

Top Quizzes Today


Score Distribution

Your Account Isn't Verified!

In order to create a playlist on Sporcle, you need to verify the email address you used during registration. Go to your Sporcle Settings to finish the process.

Report this User

Report this user for behavior that violates our Community Guidelines.

Details: